Engineering mechanics (Record no. 9988)

000 -LEADER
fixed length control field 00553nam a22002051a 4500
001 - CONTROL NUMBER
control field 9988
003 - CONTROL NUMBER IDENTIFIER
control field BD-DhUET
008 - FIXED-LENGTH DATA ELEMENTS--GENERAL INFORMATION
fixed length control field 740416m19601961paua b 001 0 eng
040 ## - CATALOGING SOURCE
Original cataloging agency DLC
Transcribing agency OSW
Modifying agency BD-DhUET
082 ## - DEWEY DECIMAL CLASSIFICATION NUMBER
Classification number 620.1
Item number COO/1960
100 ## - MAIN ENTRY--PERSONAL NAME
Personal name Cook, David I
245 10 - TITLE STATEMENT
Title Engineering mechanics
Remainder of title statistics
250 ## - EDITION STATEMENT
Edition statement 1st ed
260 ## - PUBLICATION, DISTRIBUTION, ETC. (IMPRINT)
Place of publication, distribution, etc. Pennsylvania
Name of publisher, distributor, etc. International Textbook Company
Date of publication, distribution, etc. 1960
300 ## - PHYSICAL DESCRIPTION
Extent xi, 336 p.
Other physical details ill.
Dimensions 24 cm.
504 ## - BIBLIOGRAPHY, ETC. NOTE
Bibliography, etc Includes bibliographies
650 #0 - SUBJECT ADDED ENTRY--TOPICAL TERM
Topical term or geographic name as entry element Applied mechanics
700 ## - ADDED ENTRY--PERSONAL NAME
Personal name Pierce, Donald N.
942 ## - ADDED ENTRY ELEMENTS (KOHA)
Koha item type General Book
Holdings
Piece designation (barcode) Source of classification or shelving scheme Koha collection Location (home branch) Not for loan Withdrawn status Shelving location Price effective from Koha normalized classification for sorting Copy number Date acquired Koha date last seen Koha item type Damaged status Lost status Koha full call number Sublocation or collection (holding branch)
84869 Non FictionCentral Library, BUET  Circulation section2015-02-04620_100000000000000_COO_196012015-02-042015-02-04General Book  620.1/COO/1960Central Library, BUET
84466  Central Library, BUET  Circulation section2015-03-28620_100000000000000_COO_196022015-03-282015-03-28General Book  620.1/COO/1960Central Library, BUET